00245 a2200121 4500003000500000005001700005040000900022082000800031245001500039260002600054300001000080538003300090Nust20170207154218.0 cNust a050 aQasid-2011 aRawalpindibMCSc2011 a144p; aAlmirah No.137 Shelf No.1,2